| 000 -LEADER |
| fixed length control field |
00759nam a22001937a 4500 |
| 005 - DATE AND TIME OF LATEST TRANSACTION |
| control field |
20231114163303.0 |
| 008 - FIXED-LENGTH DATA ELEMENTS--GENERAL INFORMATION |
| fixed length control field |
231114s1961 ru ||||| |||| 00| 0 rus d |
| 041 ## - LANGUAGE CODE |
| Language code of text/sound track or separate title |
rus |
| 080 ## - UNIVERSAL DECIMAL CLASSIFICATION NUMBER |
| Universal Decimal Classification number |
572.4 -73 |
| 100 ## - MAIN ENTRY--PERSONAL NAME |
| Personal name |
Аугуста, Йозеф |
| 9 (RLIN) |
20373 |
| 245 ## - TITLE STATEMENT |
| Title |
Жизнь древнего человека / |
| Statement of responsibility, etc. |
Йосеф Аугуста, Зденек Буриан; [перевод с чешского: И. Грязнова]. |
| 264 ## - PRODUCTION, PUBLICATION, DISTRIBUTION, MANUFACTURE, AND COPYRIGHT NOTICE |
| Place of production, publication, distribution, manufacture |
Прага: |
| Name of producer, publisher, distributor, manufacturer |
Артия, |
| Date of production, publication, distribution, manufacture, or copyright notice |
[1961]. |
| 300 ## - PHYSICAL DESCRIPTION |
| Extent |
67 стр.: |
| Other physical details |
ил.; |
| Dimensions |
35 см. |
| 653 ## - INDEX TERM--UNCONTROLLED |
| keyword |
მაიმუნები |
| 653 ## - INDEX TERM--UNCONTROLLED |
| keyword |
ქვის ხანა |
| 653 ## - INDEX TERM--UNCONTROLLED |
| keyword |
ნეანდერტალელები |
| 653 ## - INDEX TERM--UNCONTROLLED |
| keyword |
უძველესი ადამიანი |
| 942 ## - ADDED ENTRY ELEMENTS (KOHA) |
| Source of classification or shelving scheme |
|
| Koha item type |
წიგნი |